| 000 | 01005nam a2200277 a 4500 | ||
|---|---|---|---|
| 001 | 61248 | ||
| 003 | BD-RjUL | ||
| 005 | 20211209080935.0 | ||
| 008 | 170116s1989 ii a b f000 0 eng d | ||
| 035 | _a(BD-RjUL)61372 | ||
| 040 |
_aDLC _cDLC _dDLC _dBD-RjUL _beng |
||
| 041 | _aeng | ||
| 082 |
_223 _a658.0095492 _bBAN 1989 |
||
| 245 | 1 | 0 |
_aBangladesh case studies in business management / _cedited by Gary N. McLean and Muzaffer Ahmad. |
| 260 |
_aDhaka, Bangladesh : _bUniversity Grants Commission : _bDistribution, Ahmed Pub. House, _c1989. |
||
| 300 |
_aiii, 412 p. : _bill. ; _c28 cm. |
||
| 500 | _aWith reference to some business corporations of Bangladesh. | ||
| 500 | _aMaster microform held by : DLC | ||
| 650 | 0 |
_aIndustrial management _zBangladesh _xCase studies. _9182694 |
|
| 700 | 1 |
_aMcLean, Gary N. _9181714 |
|
| 700 | 1 |
_aAhmad, Muzaffer. _9174671 |
|
| 710 | 1 |
_aBangladesh. _bUniversity Grants Commission. _9182695 |
|
| 942 |
_2ddc _cBK |
||
| 999 |
_c61248 _d61248 |
||